The Case for Democracy in the COVID 19 Pandemic (Record no. 43385)

MARC details
000 -LEADER
fixed length control field 00515nam a22001697a 4500
005 - DATE AND TIME OF LATEST TRANSACTION
control field 20250325125104.0
008 - FIXED-LENGTH DATA ELEMENTS--GENERAL INFORMATION
fixed length control field 250325b |||||||| |||| 00| 0 eng d
020 ## - INTERNATIONAL STANDARD BOOK NUMBER
International Standard Book Number 9781529751819
041 ## - LANGUAGE CODE
Language code of text/sound track or separate title Eng.
082 ## - DEWEY DECIMAL CLASSIFICATION NUMBER
Classification number 344.404 SEE
100 ## - MAIN ENTRY--PERSONAL NAME
Author Seedhouse, David
245 ## - TITLE STATEMENT
Title The Case for Democracy in the COVID 19 Pandemic
260 ## - PUBLICATION, DISTRIBUTION, ETC.
Place New Dehli
Publisher Sage Publications Ltd
Publication Year 2020
300 ## - PHYSICAL DESCRIPTION
Extent 168;. P. 23 cm
650 ## - SUBJECT ADDED ENTRY--TOPICAL TERM
Subject COVID-19 (Disease)-Law and Legislation; COVID-19 Pandemic; Political Aspects
942 ## - ADDED ENTRY ELEMENTS (KOHA)
Koha item type Books
Holdings
Withdrawn status Lost status Source of classification or shelving scheme Damaged status Not for loan Home library Current library Shelving location Accession Date Vendor Price Bill number Full call number Barcode No Date last seen Discount Bill Date Koha item type Suggested By
    Dewey Decimal Classification     IMTN IMTN Rack 13-B 03/18/2025 Raghav Books Private Limited 5452.59 2374 344.404 SEE 33676 03/25/2025 33 02/14/2025 Books Dr. Rajnandan Patnaik
Designed & Maintained by: LRC IMT Nagpur Contact: lrc@imtnag.ac.in© 2024. All Rights Reserved.